UK Budget 2009 (Record no. 81463)

MARC details
000 -LEADER
fixed length control field 00897cadsa22002175a 4500
001 - CONTROL NUMBER
control field L147272
008 - FIXED-LENGTH DATA ELEMENTS--GENERAL INFORMATION
fixed length control field 090423e20090422xxk g 000 0 eng d
035 ## - SYSTEM CONTROL NUMBER
System control number (Sirsi) u147272
041 0# - LANGUAGE CODE
Language code of text/sound track or separate title eng
110 2# - MAIN ENTRY--CORPORATE NAME
Corporate name or jurisdiction name as entry element Royal Institution of Chartered Surveyors
9 (RLIN) 4900
245 00 - TITLE STATEMENT
Title UK Budget 2009
Remainder of title RICS response
Medium [electronic resource]
260 ## - PUBLICATION, DISTRIBUTION, ETC.
Date of publication, distribution, etc. 2009
490 ## - SERIES STATEMENT
Series statement RICS Press Release
Volume/sequential designation 22 April 2009
520 ## - SUMMARY, ETC.
Summary, etc. RICS analysis of the UK budget April 2009. Provides the RICS view on: implications for residential property and construction; issues related to sustainability; measures affecting planning; empty property rates and public sector property.
590 ## - LOCAL NOTE (RLIN)
Local note KA
650 24 - SUBJECT ADDED ENTRY--TOPICAL TERM
Topical term or geographic name entry element BUDGET 2009
651 #4 - SUBJECT ADDED ENTRY--GEOGRAPHIC NAME
Geographic name United Kingdom
Chronological subdivision
690 ## - LOCAL SUBJECT ADDED ENTRY--TOPICAL TERM (OCLC, RLIN)
Topical term or geographic name as entry element MANAGEMENT
856 40 - ELECTRONIC LOCATION AND ACCESS
Uniform Resource Identifier <a href="https://www.rics.org/RICSWEB/getpage.aspx?p=D2wG67NXaEG1v4jcrGxOfw">https://www.rics.org/RICSWEB/getpage.aspx?p=D2wG67NXaEG1v4jcrGxOfw</a>
Public note View the article free of charge at www.rics.org...
942 ## - ADDED ENTRY ELEMENTS (KOHA)
Suppress in OPAC 0
Holdings
Withdrawn status Lost status Source of classification or shelving scheme Damaged status Not for loan Home library Current library Shelving location Date acquired Total Checkouts Full call number Barcode Date last seen Copy number Price effective from Koha item type
    Dewey Decimal Classification     Virtual Virtual Online 23/04/2009   ONLINE PUBLICATION 147272-2001 06/08/2019 1 06/08/2019 Journal article